Arquitectura naval /

Guardado en:
Autor Principal: Iglesias, Emigdio.
Formato: Libro
Idioma:Spanish
Publicado: Madrid : Calpe, 1921.
Etiquetas: Agregar Etiqueta
Sin Etiquetas, Sea el primero en etiquetar este registro!
LEADER 00427nam a22001455a 4500
001 EUN.um035270
003 AR-BaUNS
005 20050623122908.0
008 041125s1921####sp#a##########000#0#spa#d
245 1 0 |a Arquitectura naval /  |c Emigdio Iglesias. 
260 |a Madrid :  |b Calpe,  |c 1921. 
300 |a 2 v. :  |b ilus. ;  |c 21,5 cm. 
100 1 |a Iglesias, Emigdio. 
082 0 4 |a 623.81 
859 |a Ar-BaUNS  |b BIB. CENTRAL - Sector C  |h 623.81  |i Ig4  |p 121/956  |v v.1